| 000 | 01099cam a2200301 a 4500 | ||
|---|---|---|---|
| 001 | 12379211 | ||
| 005 | 20180206162851.0 | ||
| 008 | 010413m20002002njua 001 0 eng | ||
| 010 | _a 2001265109 | ||
| 020 | _a0130894680 (v. 1 : pbk.) | ||
| 020 | _a0130927384 (v. 2 : pbk.) | ||
| 040 |
_aDLC _cDLC _dDLC |
||
| 050 | 0 | 0 |
_aQA76.73.J38 _bH67 2002 |
| 082 | 0 | 0 |
_a005.13/3 _221 |
| 100 | 1 |
_aHorstmann, Cay S., _d1959- |
|
| 245 | 1 | 0 |
_aCore Java 2 / _cCay S. Horstmann, Gary Cornell. |
| 250 | _a[5th ed.]. | ||
| 260 |
_aUpper Saddle River, NJ : _bSun Microsystems Press, _cc2000-c2002. |
||
| 300 |
_a2 v. : _bill. ; _c24 cm. + _e2 computer optical disc (4 3/4 in.). |
||
| 440 | 4 | _aThe Sun Microsystems Press Java series | |
| 500 | _aIncludes indexes. | ||
| 505 | 1 | _aVol. 1. Fundamentals -- vol. 2. Advanced features. | |
| 650 | 0 | _aJava (Computer program language) | |
| 700 | 1 | _aCornell, Gary. | |
| 906 |
_a7 _bcbc _corigcop _d2 _encip _f20 _gy-gencatlg |
||
| 942 |
_2lcc _cBK |
||
| 999 |
_c52074 _d52074 |
||